00578cam a2200133 4500001001100000008004100011035001500052050002400067245016200091260009500253300003300348500001500381700004800396BIIH005947 1990 spa  aBIIH005947 4aF1336b.A5 D63 1990 3aEl Doctor Gorriño y Arduengo su proyecto para la primera constitución potosina 1825 /cpresentación, comentarios y notas de Jesús Motilla Martínez. aSan Luis Potosí, S. L. P., México :bCasa de la Cultura de San Luis Potosí, c1990. a54, lxxiii, facsim. ;c17cm. a1 ejemplar1 aMotilla Martínez, Jesús, presentación